Sports Quiz

Random Sports or World Cup Quiz

Aston Villa Players in Tournament Squads (1990-) Quiz Stats

 Plays Quiz not verified by Sporcle

Challenge
Share
Tweet
Embed
Score 0/57 Timer 15:00
1 Play Today
Hint Answer % Correct
2015 CONCACAF Gold CupBrad Guzan
82.4%
2014 FIFA World CupBrad Guzan
82.4%
2010 FIFA World CupBrad Guzan
82.4%
2009 Confederations CupBrad Guzan
82.4%
1996 CONCACAF Gold CupDwight Yorke
81.9%
UEFA Euro 2008Olof Mellberg
81.6%
2006 FIFA World CupOlof Mellberg
81.6%
UEFA Euro 2004Olof Mellberg
81.6%
2002 FIFA World CupOlof Mellberg
81.6%
Copa América CentenarioBrad Guzan
80.8%
UEFA Euro 2000Gareth Barry
77.8%
2010 FIFA World CupJames Milner
77.2%
2018 FIFA World CupMile Jedinak
77%
UEFA Euro 2000Gareth Southgate
73.3%
1998 FIFA World CupGareth Southgate
73.3%
UEFA Euro 1996Gareth Southgate
73.3%
2014 FIFA World CupRon Vlaar
71.7%
2004 Copa AméricaNolberto Solano
70.9%
2002 FIFA World CupSteve Staunton
67.4%
1994 FIFA World CupSteve Staunton
67.4%
1994 FIFA World CupPaul McGrath
65.1%
1990 FIFA World CupPaul McGrath
65.1%
2006 FIFA World CupMilan Baroš
65%
1998 FIFA World CupSavo Milošević
64.9%
2005 Confederations CupThomas Hitzlsperger
62.3%
UEFA Euro 2016Ciaran Clark
60.4%
Copa América CentenarioCarlos Sánchez
60.1%
2018 FIFA World CupAhmed Elmohamady
59.8%
2015 Copa AméricaCarlos Sánchez
59.7%
Hint Answer % Correct
UEFA Euro 2012Shay Given
59.6%
UEFA Euro 2004Darius Vassell
59.5%
2002 FIFA World CupDarius Vassell
59.5%
2003 Confederations CupAlpay Özalan
58.2%
2002 FIFA World CupAlpay Özalan
58.2%
1997 Confederations CupMark Bosnich
58.1%
2006 FIFA World CupUlises de la Cruz
56.8%
2004 Copa AméricaUlises de la Cruz
56.8%
UEFA Euro 2012Richard Dunne
56%
1994 FIFA World CupAndy Townsend
55.1%
1994 FIFA World CupRay Houghton
52%
2017 Africa Cup of NationsJordan Ayew
51.5%
1990 FIFA World CupDavid Platt
51.2%
2010 FIFA World CupEmile Heskey
47.5%
2018 FIFA World CupBirkir Bjarnason
46.7%
UEFA Euro 2004Thomas Sørensen
46.6%
UEFA Euro 2004Marcus Allbäck
46.2%
UEFA Euro 2008Wilfred Bouma
46%
2010 FIFA World CupStephen Warnock
43.6%
2017 Africa Cup of NationsJonathan Kodjia
43%
2002 FIFA World CupBoško Balaban
42.1%
2013 Africa Cup of NationsKarim El Ahmadi
35.2%
2015 AFC Asian CupChris Herd
33.6%
2006 Africa Cup of NationsEric Djemba-Djemba
31.4%
UEFA Euro 1992Tony Daley
30.8%
2010 Africa Cup of NationsMoustapha Salifou
30.3%
1990 FIFA World CupTony Cascarino
28.5%
2011 CONCACAF Gold CupEric Lichaj
27.6%

You're not logged in!

Compare scores with friends on all Sporcle quizzes.
OR
Log In

You Might Also Like...

Show Comments

Extras

Top Quizzes Today


Score Distribution

Your Account Isn't Verified!

In order to create a playlist on Sporcle, you need to verify the email address you used during registration. Go to your Sporcle Settings to finish the process.

Report this User

Report this user for behavior that violates our Community Guidelines.

Details: